01273nam a2200313 a 450000100100000000500170001000800410002702000150006804000250008304100390010808200230014710000260017024000480019624501820024425000110042626000550043730000340049253400720052650000220059865000210062065000360064170000280067770000460070570000480075191000070079904900090080695201270081599900170094200002153520260505131525.0100908s1994 mx a 001 0 spa d a9688805963 aDO-SdBNPbspacBNPHU17aspaheng2Código de idiomas MARC a515.15bE26c, 19941 aEdwards, C. H.94490010aCalculos with analytic geometry.lEspañol10aCálculo con geometría analítica /cC. H. Edwards y David E. Penney ; traducción de Óscar Alfredo Palmas Velasco ; revisión técnica de Víctor Hugo Ibarra Mercado. a4a ed. aMéxico :bPrentice Hall Hispanoamericana,c1994. a956, [80] p. :bil. ;c25 cm. aTraducido de la obra en inglés :tCalculos with analytic geometry aIncluye índice. 0aCálculo919730 0aGeometría analítica 9449011 aPenney, David E.9449021 aPalmas Velasco, Óscar Alfredo,etr.9981 aIbarra Mercado, Víctor Hugo,erev.944903 aWM aBNGR 001054708MOaGRbGRcHDd2010-09-08iLF1l0o515.15 E26c, 1994p21535-10r2020-06-25w2020-06-25y4ZPréstamo en sala c21035d21035